Accounting Trends and Techniques (Record no. 1562)

000 -LEADER
fixed length control field 00660nam a22002177a 4500
003 - CONTROL NUMBER IDENTIFIER
control field OSt
005 - DATE AND TIME OF LATEST TRANSACTION
control field 20210423062624.0
008 - FIXED-LENGTH DATA ELEMENTS--GENERAL INFORMATION
fixed length control field 210219s1992 ||||| |||| 00| 0 eng d
040 ## - CATALOGING SOURCE
Original cataloging agency eng
Language of cataloging eng
Transcribing agency DLC
041 ## - LANGUAGE CODE
Language code of text/sound track or separate title eng
080 ## - UNIVERSAL DECIMAL CLASSIFICATION NUMBER
Universal Decimal Classification number 336
Item number S-55
100 ## - MAIN ENTRY--PERSONAL NAME
9 (RLIN) 990
Personal name Shohet, Jack
Relator term Editor
245 ## - TITLE STATEMENT
Title Accounting Trends and Techniques
Statement of responsibility, etc. / by: American Institute of Certified Public Accountants
250 ## - EDITION STATEMENT
Edition statement 46th edition
260 ## - PUBLICATION, DISTRIBUTION, ETC.
Place of publication, distribution, etc. New Jersey
Name of publisher, distributor, etc. American Institute of Certified Public Accountants
Date of publication, distribution, etc. 1992
300 ## - PHYSICAL DESCRIPTION
Extent 528 p.
650 #0 - SUBJECT ADDED ENTRY--TOPICAL TERM
9 (RLIN) 454
Topical term or geographic name entry element Finances
653 ## - INDEX TERM--UNCONTROLLED
Uncontrolled term ფინანსები
700 ## - ADDED ENTRY--PERSONAL NAME
9 (RLIN) 991
Personal name Rikert, Richard
Relator term Editor
942 ## - ADDED ENTRY ELEMENTS (KOHA)
Source of classification or shelving scheme
Koha item type Books
Edition 46
Holdings
Withdrawn status Lost status Source of classification or shelving scheme Damaged status Not for loan Permanent location Current location Date acquired Inventory number Total Checkouts Full call number Barcode Date last seen Price effective from Koha item type
          Ken Walker International University Ken Walker International University 02/19/2021 887   336 S-55 887 02/19/2021 02/19/2021 Books

Powered by Koha